Welcome to the Holygrace Academy Library

Please use search bar below to get started

THE MURDER ARTIST:START FROM HERE: AT RISK: THE NO.1LADIES DETECTIVE AGENCY (Record no. 3326)

MARC details
000 -LEADER
fixed length control field 00423nam a22001577a 4500
082 ## - DEWEY DECIMAL CLASSIFICATION NUMBER
Classification number 823
Item number REA/S
100 ## - MAIN ENTRY--AUTHOR NAME
Personal name CASE ,JOHN
100 ## - MAIN ENTRY--AUTHOR NAME
Personal name FRENCH, SEAN
100 ## - MAIN ENTRY--AUTHOR NAME
Personal name RIMINGTON,STELLA
100 ## - MAIN ENTRY--AUTHOR NAME
Personal name MC CALLSMITH,ALEXANDER
245 ## - TITLE STATEMENT
Title THE MURDER ARTIST:START FROM HERE: AT RISK: THE NO.1LADIES DETECTIVE AGENCY
260 ## - PUBLICATION, DISTRIBUTION, ETC. (IMPRINT)
Place of publication AUSTRALIA
Name of publisher READER'S DIGEST
300 ## - PHYSICAL DESCRIPTION
Number of Pages 538
650 ## - SUBJECT ADDED ENTRY--TOPICAL TERM
Topical Term ENGLISH NOVEL
Geographic subdivision AUSTRALIA
942 ## - ADDED ENTRY ELEMENTS (KOHA)
Koha item type Books
Holdings
Withdrawn status Lost status Collection code Home library Current library Shelving location Date acquired Source of acquisition Full call number Accession Number Koha item type
    Fiction Main Library Main Library SHELF 2-J-ENGLISH NOVELS FOR TEACHERS 08/10/2005 PURCHASE 823 REA/S 00231 Books